[Event "NRW U18 op"]
[Site "Olpe"]
[Date "2005.10.03"]
[Round "5.27"]
[White "Seelhoefer, Tim"]
[Black "Grasse, Herbert"]
[Result "1-0"]
[WhiteElo "1396"]
[BlackElo "1595"]
[PlyCount "61"]
[EventDate "2005.10.01"]
[EventType "swiss"]
[EventRounds "7"]
[EventCountry "GER"]
[SourceTitle "CBM 108 Extra"]
[Source "ChessBase"]
[SourceDate "2005.11.04"]
[SourceVersion "1"]
[SourceVersionDate "2005.11.04"]
[SourceQuality "1"]

1. e4 e6 2. d4 c5 3. c3 d5 4. e5 Qb6 5. a3 Nc6 6. Nf3 Bd7 7. b4 cxd4 8. cxd4 Nge7 9. Be2 Nf5 10. Bb2 Be7 11. 0-0 0-0 12. Bd3 Nh4 13. Nxh4 Bxh4 14. Bxh7+ Kh8 15. Qh5 Bg5 16. Bc1 Bxc1 17. Rxc1 Rfc8 18. Bg6+ Kg8 19. Qh7+ Kf8 20. Qh8+ Ke7 21. Qxg7 Rf8 22. Rd1 Nxd4 23. Kf1 Ke8 24. Bh5 Nf5 25. Qf6 Ne3+ 26. fxe3 Qxe3 27. Ra2 Rc8 28. Re2 Bb5 29. Qxe6+ Kd8 30. Qxd5+ Kc7 31. Qd6# 1-0

[Event "Dortmund op-B"]
[Site "Dortmund"]
[Date "2004.07.31"]
[Round "9"]
[White "Seelhoefer, Tim"]
[Black "Kaphle, Sebastian"]
[Result "0-1"]
[WhiteElo "1372"]
[BlackElo "1524"]
[PlyCount "98"]
[EventDate "2004.07.??"]
[EventType "swiss"]
[EventRounds "9"]
[EventCountry "GER"]
[SourceTitle "EXT 2006"]
[Source "ChessBase"]
[SourceDate "2005.11.24"]
[SourceVersion "1"]
[SourceVersionDate "2005.11.24"]
[SourceQuality "1"]

1. e4 e5 2. Nf3 Nc6 3. d4 exd4 4. Nxd4 Bc5 5. Be3 Bb6 6. Nxc6 bxc6 7. Bxb6 axb6 8. Qd4 Qf6 9. e5 Qd8 10. Bc4 Qg5 11. 0-0 Ne7 12. f4 Qg4 13. Nc3 0-0 14. Rf3 Bb7 15. Rg3 c5 16. Qd2 Qh5 17. Qxd7 Ng6 18. Rg5 Qh6 19. Qg4 Bc8 20. e6 Kh8 21. Rh5 Qxf4 22. Qxf4 Nxf4 23. e7 Re8 24. Re5 Be6 25. Bxe6 Nxe6 26. Nd5 Rab8 27. Rf1 Kg8 28. Rf3 c6 29. Nf4 Rxe7 30. Rfe3 Rbe8 31. Nxe6 Rxe6 32. Rxe6 Rxe6 33. Rxe6 fxe6 34. Kf2 Kf7 35. Ke3 Ke7 36. Ke4 Kd6 37. c4 b5 38. b3 b4 39. g3 g6 40. h3 h6 41. g4 h5 42. Ke3 Ke5 43. Kf3 Kd4 44. Kf4 hxg4 45. hxg4 e5+ 46. Kf3 e4+ 47. Ke2 e3 48. Kf1 Kd3 49. Ke1 e2 0-1

[Event "Dortmund op-B"]
[Site "Dortmund"]
[Date "2004.07.25"]
[Round "3"]
[White "Soelbrandt, Robin"]
[Black "Seelhoefer, Tim"]
[Result "0-1"]
[WhiteElo "1217"]
[BlackElo "1372"]
[PlyCount "36"]
[EventDate "2004.07.??"]
[EventType "swiss"]
[EventRounds "9"]
[EventCountry "GER"]
[SourceTitle "EXT 2006"]
[Source "ChessBase"]
[SourceDate "2005.11.24"]
[SourceVersion "1"]
[SourceVersionDate "2005.11.24"]
[SourceQuality "1"]

1. e4 e6 2. d4 d5 3. e5 c5 4. Nf3 Nc6 5. Bb5 Qb6 6. Bxc6+ bxc6 7. 0-0 Ba6 8. Re1 cxd4 9. Qxd4 Bc5 10. Qd2 Nh6 11. Ng5 0-0 12. Qf4 f6 13. Nxe6 fxe5 14. Qxe5 Bxf2+ 15. Kh1 Rf6 16. Bxh6 Bxe1 17. h3 Rf1+ 18. Kh2 Qg1# 0-1